00630 2200205 4500001002100000005001700021035002400038040001200062082001300074084002300087110003800110245010300148260004300251300002500294650002900319650002200348850001200370990002100382990002100403YOGYA00000000001959220170426110639.0 0010-081400000019310 aYOPDYOG a331.1021 aDEP 331.1021 Kan S aKANTOR Statistik BPS (Yogyakarta) aStatistik tenaga kerja hotel dan akomodasi Daerah Istimewa Yogyakarta 1993c/ Kantor Statistik DIY aYogyakartabKantor Statistik DIYc1994 ai, 20 hlm.c; 30 cm. aTenaga KerjazYogyakarta aHotelzYogyakarta aYOPDYOG aCB-D.11/1994-462 aCB-D.11/1994-598